000
00226nam a2200097Ia 4500
008
240331s9999 xx 000 0 und d
082
_b
FAR
100
_a
Farrington, K
245
2
_a
A history of punishment and torture
942
_c
L
999
_c
3110
_d
3110